| 000 -LEADER |
| fixed length control field |
00705nam a2200241Ia 4500 |
| 001 - CONTROL NUMBER |
| control field |
17827 |
| 003 - CONTROL NUMBER IDENTIFIER |
| control field |
GE_BSU |
| 005 - DATE AND TIME OF LATEST TRANSACTION |
| control field |
20200226104141.0 |
| 008 - FIXED-LENGTH DATA ELEMENTS--GENERAL INFORMATION |
| fixed length control field |
181216s2005 xx |||||||||||||| ||eng|| |
| 020 ## - INTERNATIONAL STANDARD BOOK NUMBER |
| International Standard Book Number |
9781405815628 |
| 040 ## - CATALOGING SOURCE |
| Transcribing agency |
GE_BSU |
| 080 ## - UNIVERSAL DECIMAL CLASSIFICATION NUMBER |
| Universal Decimal Classification number |
811.111(075.8) A-18 |
| 100 ## - MAIN ENTRY--PERSONAL NAME |
| Personal name |
Acklam, R., |
| 9 (RLIN) |
7452 |
| 245 ## - TITLE STATEMENT |
| Title |
Total English. Pre-intermediate. Student's Book : |
| Remainder of title |
Student's Book / |
| Statement of responsibility, etc. |
R. Acklam ; A. Crace. |
| 264 ## - PRODUCTION, PUBLICATION, DISTRIBUTION, MANUFACTURE, AND COPYRIGHT NOTICE |
| Place of production, publication, distribution, manufacture |
Edinburg : |
| Name of producer, publisher, distributor, manufacturer |
Pearson Longman, |
| Date of production, publication, distribution, manufacture, or copyright notice |
2005. |
| 300 ## - PHYSICAL DESCRIPTION |
| Extent |
160 p.: |
| Other physical details |
ill ; |
| Dimensions |
28 cm. |
| 653 ## - INDEX TERM--UNCONTROLLED |
| keyword |
Pre-Intermediate |
| 653 ## - INDEX TERM--UNCONTROLLED |
| keyword |
Student's Book |
| 653 ## - INDEX TERM--UNCONTROLLED |
| keyword |
Total English. |
| 653 ## - INDEX TERM--UNCONTROLLED |
| keyword |
ინგლისური ენა |
| 700 ## - ADDED ENTRY--PERSONAL NAME |
| Personal name |
Crace, A. |
| 9 (RLIN) |
7455 |
| 942 ## - ADDED ENTRY ELEMENTS (KOHA) |
| Koha item type |
წიგნი |
| Source of classification or shelving scheme |
|